000 00379nam a2200169Ia 4500
100 _aShah/Deven N
650 _aInformation security
942 _cBK
366 _f25
654 _ainformation security
245 _aMarkstamps Information Security
260 _bWiley India
_c2009
082 _a5.8
_bSHA
300 _a443
546 _aENGLISH
_celectronics
999 _c30168
_d30168